ბათუმის შოთა რუსთაველის სახელმწიფო უნივერსიტეტის ბიბლიოთეკა

საერთაშორისო ანატომიური ნომენკლატურა. ლათინურ-რუსულ-ქართული / (ბიბ.ჩანაწერი № 61963)

000 -ლიდერი
ფიქსირებული სიგრძის საკონტროლო ველი 01203nam a22001937a 4500
003 - საკონტროლო ნომრის იდენტიფიკატორი
საკონტროლო ველი Ge_BSU
005 - ბოლო ოპერაციის თარიღი და დრო
საკონტროლო ველი 20240620163656.0
008 - ფიქსირებული სიგრძის მონაცემთა ელემენტები - ზოგადი ინფორმაცია
ფიქსირებული სიგრძის საკონტროლო ველი 240617s1979 ge ||||| |||| 00| 0 geo d
041 ## - ენის კოდი
Language code of text/sound track or separate title geo
080 ## - უნივერსალური ათობითი კლასიფიკაციის ინდექსი
Universal Decimal Classification number 611(038) ს-16
245 ## - ცნობა სათაურის შესახებ
Title საერთაშორისო ანატომიური ნომენკლატურა. ლათინურ-რუსულ-ქართული /
Statement of responsibility, etc შემდგ.: ზაქ. მ. და ნ. მაისურაძეები ; ტერმინოლოგია მომზადებულია დ.ა. ჟდანოვის რედაქტორობით ; რედ. ს. ყაუხჩიშვილი.
264 ## - წარმოების, გამოცემის, დისტრიბუციის და სხვა ცნობები
გამოცემის, წარმოების, დისტრიბუციის... ადგილი თბ. :
გამოცემის, წარმოების, დისტრიბუციის... სახელწოდება განათლება,
გამოცემის, წარმოების, დისტრიბუციის... თარიღი 1979.
300 ## - ფიზიკური აღწერა
Extent 180 გვ. ;
Other physical details 22 სმ.
653 ## - INDEX TERM--UNCONTROLLED
Uncontrolled term საერთაშორისო ანატომიური ნომენკლატურა
700 ## - ADDED ENTRY--PERSONAL NAME
Personal name მაისურაძე, მ.
Relator term შემდგენელი
9 (RLIN) 21041
700 ## - ADDED ENTRY--PERSONAL NAME
Personal name მაისურაძე, ნ.
Relator term შემდგენელი
9 (RLIN) 1973
700 ## - ADDED ENTRY--PERSONAL NAME
Personal name ჟდანოვი, დ.ა.
Relator term რედაქტორი
9 (RLIN) 22449
942 ## - ADDED ENTRY ELEMENTS (KOHA)
Source of classification or shelving scheme
Koha item type წიგნი
ეგზემპლარები
ჩამოწერის სტატუსი დაკარგული ეგზემპლარის სტატუსი კლასიფიკაციის წყარო ან თაროზე გაწყობის სქემა დაზიანების სტატუსი არ გაიცემა მუდმივი მდებარეობა (დაცვის ადგილი) ამჟამინდელი ადგილსამყოფელი თაროზე განთავსების ადგილი შეძენის თარიღი ღირებულება, შესყიდვის ნორმალური ფასი სრული შენახვის შიფრი შტრიხკოდი ბოლო ოპერაციის თარიღი ეგზემპლარის მიმდევრობითი ნომერი (კეტერი?) ფასის ძალაში შესვლის თარიღი ეგზემპლარის სახეობა საჯარო შენიშვნა
          ბათუმის შოთა რუსთაველის სახელმწიფო უნივერსიტეტის მთავარი ბიბლიოთეკა ბათუმის შოთა რუსთაველის სახელმწიფო უნივერსიტეტის მთავარი ბიბლიოთეკა წიგნსაცავი 2024-06-17 2.00 611(038) ს-16 68202 2024-06-17 68202 2024-06-17 წიგნი 2 ლ.
          ბათუმის შოთა რუსთაველის სახელმწიფო უნივერსიტეტის მთავარი ბიბლიოთეკა ბათუმის შოთა რუსთაველის სახელმწიფო უნივერსიტეტის მთავარი ბიბლიოთეკა წიგნსაცავი 2024-06-17 2.00 611(038) ს-16 68201 2024-06-17 68201 2024-06-17 წიგნი 2 ლ.
          ბათუმის შოთა რუსთაველის სახელმწიფო უნივერსიტეტის მთავარი ბიბლიოთეკა ბათუმის შოთა რუსთაველის სახელმწიფო უნივერსიტეტის მთავარი ბიბლიოთეკა წიგნსაცავი 2025-03-11 7.00 611(038) ს-16 70818 2025-03-11 70818 2025-03-11 წიგნი 7.00